Oades and another v Eke (VO) (Record no. 117852)

MARC details
000 -LEADER
fixed length control field 01232cam a2200229 4500
001 - CONTROL NUMBER
control field ABS68282
008 - FIXED-LENGTH DATA ELEMENTS--GENERAL INFORMATION
fixed length control field 040813n2004 000 0 eng u
035 ## - SYSTEM CONTROL NUMBER
System control number (Sirsi) u127065
245 ## - TITLE STATEMENT
Title Oades and another v Eke (VO)
260 ## - PUBLICATION, DISTRIBUTION, ETC.
Date of publication, distribution, etc. 2004
490 ## - SERIES STATEMENT
Series statement Rating Appeals
Volume/sequential designation [2004] RA 161-170(6)
520 ## - SUMMARY, ETC.
Summary, etc. RA/17/2003, 22 March 2004. Appeal by ratepayers (O) against a LVT decision which held that holiday chalets together with store and premises should be assessed as separate hereditaments rather than a single rateable unit. O argued that the accommodation units were caravans within the terms of the Non-Domestic Rating (Caravan Sites) Regulations 1990 and the Caravan Sites and Control of Development Act 1960 s29. LT held that the chalets were not caravans within the Regulations on the grounds that the chalets were not capable of being moved from one place to another. Appeal dismissed.
590 ## - LOCAL NOTE (RLIN)
Local note ABS
590 ## - LOCAL NOTE (RLIN)
Local note ABS
650 ## - SUBJECT ADDED ENTRY--TOPICAL TERM
Topical term or geographic name entry element OADES AND ANOTHER V EKE (VO)
650 ## - SUBJECT ADDED ENTRY--TOPICAL TERM
Topical term or geographic name entry element CARAVANS
650 ## - SUBJECT ADDED ENTRY--TOPICAL TERM
Topical term or geographic name entry element HOLIDAY CHALETS
650 ## - SUBJECT ADDED ENTRY--TOPICAL TERM
Topical term or geographic name entry element NON-DOMESTIC RATING (CARAVAN SITES) REGULATIONS 1990
650 ## - SUBJECT ADDED ENTRY--TOPICAL TERM
Topical term or geographic name entry element CARAVAN SITES AND CONTROL OF DEVELOPMENT ACT 1960
690 ## - LOCAL SUBJECT ADDED ENTRY--TOPICAL TERM (OCLC, RLIN)
Topical term or geographic name as entry element RATING AND LOCAL TAXATION-CASE LAW
942 ## - ADDED ENTRY ELEMENTS (KOHA)
Suppress in OPAC 0
Holdings
Withdrawn status Lost status Source of classification or shelving scheme Damaged status Not for loan Home library Current library Shelving location Date acquired Total Checkouts Full call number Barcode Date last seen Copy number Price effective from Koha item type
    Dewey Decimal Classification     London London Journal article 07/10/2004   ABS68282 127065-1001 06/08/2019 1 06/08/2019 Law report